| 000 | 00000nas 2200000zi 4500 |
| 001 | 9.502081 |
| 003 | CaOODSP |
| 005 | 20250403104728 |
| 006 | m o d f |
| 007 | cr cn |||||||| |
| 008 | 150406c19879999oncar m o s f1 b0fre|d |
| 022 | |a1709-822X |
| 040 | |aCaOODSP|bfre|erda|cCaOODSP |
| 043 | |an-cn--- |
| 086 | 1 |aCS11-522F-PDF |
| 222 | 3|aLa série des symposiums internationaux de Statistique Canada |
| 245 | 03|aLa série des symposiums internationaux de Statistique Canada : |brecueil. |
| 264 | 1|a[Ottawa] : |bStatistique Canada, |c1987- |
| 310 | |aAnnuel |
| 336 | |atexte|btxt|2rdacontent/fre |
| 337 | |ainformatique|bc|2rdamedia/fre |
| 338 | |aressource en ligne|bcr|2rdacarrier/fre |
| 500 | |aPublié aussi en anglais sous le titre : Statistics Canada international symposium series : proceedings. |
| 520 | 3 |aUne série de conférences annuelles. |
| 650 | 6|aStatistique|vCongrès. |
| 650 | 6|aStatistique|zCanada|vCongrès. |
| 655 | 7|aActes de congrès|2rvmgf |
| 710 | 2 |aStatistique Canada, |eorganisme de publication. |
| 775 | 08|tStatistics Canada international symposium series : |w(CaOODSP)9.505681 |
| 776 | 0#|tLa série des symposiums internationaux de Statistique Canada - recueil |w(CaOODSP)9.512029 |
| 856 | 40|uhttps://www150.statcan.gc.ca/n1/fr/catalogue/11-522-X|qHTML|ss.o. |